| 000 | 00425 a2200169 4500 | ||
|---|---|---|---|
| 005 | 20250910101217.0 | ||
| 008 | 250424b |||||||| |||| 00| 0 eng d | ||
| 020 | _a981023628x | ||
| 080 |
_a512 _bMOR/F |
||
| 100 | _a Mordeson,John N | ||
| 245 | _aFuzzy commutative algebra | ||
| 260 |
_bWorld Scientific _aSingapore _c1998. |
||
| 300 | _a405p. | ||
| 653 | _aL-Subsets-L-Subgroups | ||
| 700 | _aMalik,D.S. | ||
| 942 | _cOO | ||
| 999 |
_c114206 _d114205 |
||